| 000 | 02065nam2a22002531 4500 | ||
|---|---|---|---|
| 001 | rc\3348623 | ||
| 005 | 20250609215550.0 | ||
| 021 |
_aRU _bРг11645-81 |
||
| 035 | _a(NLR Aleph) 007520408 | ||
| 090 |
_a7723505 _c7723505 |
||
| 100 | _a20130115d1980 |||y0rusy50 ca | ||
| 101 | 0 | _arus | |
| 102 | _aRU | ||
| 105 | _ay z ||||| | ||
| 200 | 1 |
_aМонтаж приборов и средств автоматизации _fМ-во энергетики и электрификации СССР. Упр. по нормированию труда и заработ. платы, Центр по НОТ и упр. в энергет. стр-ве "Энергостройтруд" _hВып. 15 _iКонтрольно-измерительные приборы, средства автоматизации и дозиметрического контроля тепловых и атомных электрических станций |
|
| 210 |
_cЭнергостройтруд _d1980 _aБ. м. |
||
| 215 | _a65 с. | ||
| 461 | 0 |
_1001rc\2340092 _12001#$a[Типовые нормы и расценки на строительные, монтажные и ремонтно-строительные работы]$e[Сб.] Т. 40$fМ-во мелиорации и водного хоз-ва СССР. Всесоюз. головной проектно-технол. ин-т "Союзоргтехводстрой"$vСб. Т-54 _96286577 _cМосква _d1977 _fМ-во мелиорации и водного хоз-ва СССР. Всесоюз. головной проектно-технол. ин-т "Союзоргтехводстрой" _nБ. и. _o[Сб.] Т. 40 _t[Типовые нормы и расценки на строительные, монтажные и ремонтно-строительные работы] _vСб. Т-54 |
|
| 606 |
_aАвтоматические устройства _xМонтаж _jНормы и расценки (сб. Т-54) _2psbo |
||
| 801 | 0 |
_aRU _bNLR _gpsbo |
|
| 801 | 1 |
_aRU _bELAR _2rusmarc |
|
| 852 |
_aNLR _jПт 80.1/1037 |
||
| 942 | _cBOOK | ||
| 980 | _aNB | ||